logo

Bir Sreshtho Munshi Abdur Rouf Library
Jhenaidah Cadet College

English for everyone : (Record no. 11751)

MARC details
000 -LEADER
fixed length control field 00719nam a2200253 a 4500
001 - CONTROL NUMBER
JCCL Control Number 11751
003 - CONTROL NUMBER IDENTIFIER
JCCL marc code BD-JhCC
005 - DATE AND TIME OF LATEST TRANSACTION
control field 20220310100519.0
008 - FIXED-LENGTH DATA ELEMENTS--GENERAL INFORMATION
fixed length control field 200831b2018 enka|||| ||a| 001 0 eng d
020 ## - INTERNATIONAL STANDARD BOOK NUMBER
International Standard Book Number 9780241226315
035 ## - SYSTEM CONTROL NUMBER
system control number (BD-JhCC)11751
040 ## - CATALOGING SOURCE
Original cataloging agency BD-JhCC
Modifying agency BD-JhCC
041 ## - LANGUAGE CODE
Language code of Book eng
082 ## - DEWEY DECIMAL CLASSIFICATION NUMBER
Classification number 428.24
Author mark and Year HAR 2018
100 ## - MAIN ENTRY--PERSONAL NAME
Personal name Harding, Rachel
245 ## - TITLE STATEMENT
Title English for everyone :
Remainder of title course book /
Statement of responsibility, etc Rachel Harding
260 ## - PUBLICATION, DISTRIBUTION, ETC. (IMPRINT)
Place of publication, distribution, etc London:
Name of publisher, distributor, etc DK Publishers;
Date of publication, distribution, etc 2018.
300 ## - PHYSICAL DESCRIPTION
Pagination 2 vol.
Other physical details ill
Dimensions 24 cm.
500 ## - GENERAL NOTE
General note Level 1 Beginner<br/>Level 2 Beginner
650 ## - SUBJECT ADDED ENTRY--TOPICAL TERM
Topical term or geographic name as entry element Vocabulary
650 ## - SUBJECT ADDED ENTRY--TOPICAL TERM
Topical term or geographic name as entry element English language
Form subdivision Textbooks for foreign speakers.
650 ## - SUBJECT ADDED ENTRY--TOPICAL TERM
Topical term or geographic name as entry element English language
Form subdivision Grammar.
942 ## - ADDED ENTRY ELEMENTS (KOHA)
Source of classification or shelving scheme Dewey Decimal Classification
Koha item type Books
Holdings
Source of classification or shelving scheme volume number Damaged status Not for loan Home library Current library Shelving location Date of accession Cost, normal purchase price Total Checkouts Full call number Barcode Date last seen Copy number Koha item type
Dewey Decimal Classification V-1     JCC Rouf Library JCC Rouf Library General Stacks 08/31/2020 1456.00   428.24 HAR 2018 17139 08/31/2020 C-1 Books
Dewey Decimal Classification V-2     JCC Rouf Library JCC Rouf Library General Stacks 08/31/2020 1132.00   428.24 HAR 2018 17140 03/10/2022 C-2 Books

JCC Library | Contacts | JCC Home

Last Update on 23 September 2017
Copyright @ 2017-2020 JCC Rouf Library
Rouf Library, Jhenidah Cadet College (JCC), Bangladesh